| 000 | 00601nam a22001817a 4500 | ||
|---|---|---|---|
| 005 | 20210325175235.0 | ||
| 008 | s2523 th tha d | ||
| 041 | _atha | ||
| 050 | _aNA1521 ก6 | ||
| 245 | 1 | 0 | _aพระราชวังบางปะอิน [2523] |
| 260 | 3 |
_aกรุงเทพฯ : _bศิริมิตรการพิมพ์, _c2523 |
|
| 300 |
_a152 หน้า : _b ภาพประกอบ |
||
| 650 | 0 | 4 | _aพระราชวังบางปะอิน |
| 850 | _aNALT | ||
| 942 | _cGB | ||
| 997 | _c000000000006174 | ||
| 998 | _aJETANANARD SUWANDEE | ||
| 999 |
_c6174 _d6174 |
||